[Event "London Classic op U1750 11th"]
[Site "London"]
[Date "2019.12.03"]
[Round "2"]
[White "Patel, Krrish"]
[Black "Kirkland, Arnold G"]
[Result "0-1"]
[WhiteElo "1195"]
[BlackElo "1511"]
[PlyCount "96"]
[EventDate "2019.12.02"]
[EventType "swiss"]
[EventRounds "5"]
[EventCountry "ENG"]
[SourceTitle "CBM 195 Extra"]
[Source "ChessBase"]
[SourceDate "2020.05.31"]
[SourceVersion "1"]
[SourceVersionDate "2020.05.31"]
[SourceQuality "1"]

1. d4 Nf6 2. Bf4 c5 3. c3 cxd4 4. cxd4 Qb6 5. b3 g6 6. Nf3 d6 7. e3 Bg7 8. Bc4 0-0 9. 0-0 Bf5 10. Nbd2 Nbd7 11. Re1 d5 12. Be2 Rac8 13. Nf1 Bc2 14. Qc1 Bxb3 15. Qa3 Bc4 16. Bxc4 Rxc4 17. Qxe7 Rfc8 18. Qd6 Qa5 19. Bg5 R8c6 20. Qg3 Rc2 21. N1d2 Rxd2 22. Nxd2 Qxd2 23. Bxf6 Nxf6 24. Qf3 Rc8 25. Qd1 Qxd1 26. Rexd1 Ne4 27. Rac1 Nc3 28. Kf1 Bf8 29. Rd3 Bb4 30. a3 Ba5 31. g3 Rc4 32. Kg2 f5 33. h3 Kf7 34. f4 Ke6 35. g4 Ne4 36. Rdd1 Bd2 37. Rxc4 dxc4 38. Kf3 c3 39. Ke2 c2 40. d5+ Kd6 41. Rxd2 c1Q 42. Rd1 Nc3+ 43. Kf2 Qxd1 44. gxf5 gxf5 45. h4 Qe2+ 46. Kg3 Ne4+ 47. Kh3 Qf2 48. h5 Qg3# 0-1

[Event "London Classic op U1750 9th"]
[Site "London"]
[Date "2017.12.08"]
[Round "5"]
[White "Kirkland, Arnold G"]
[Black "Zhou, Jing"]
[Result "0-1"]
[WhiteElo "1543"]
[BlackElo "1373"]
[PlyCount "70"]
[EventDate "2017.12.04"]
[EventType "swiss"]
[EventRounds "5"]
[EventCountry "ENG"]
[SourceTitle "CBM 182 Extra"]
[Source "ChessBase"]
[SourceDate "2018.02.23"]
[SourceVersion "1"]
[SourceVersionDate "2018.02.23"]
[SourceQuality "1"]

1. e4 e6 2. d4 d5 3. Nd2 Nf6 4. e5 Nfd7 5. Bd3 c5 6. c3 Nc6 7. Ne2 Qb6 8. Nf3 Be7 9. 0-0 0-0 10. h3 f6 11. exf6 Nxf6 12. Re1 Bd6 13. Bb1 Bd7 14. Qc2 Be8 15. Nf4 Bxf4 16. Bxf4 Bg6 17. Qe2 Ne4 18. Be3 Bh5 19. dxc5 Qd8 20. g4 Qf6 21. Bxe4 dxe4 22. Nd4 Bg6 23. Nxc6 bxc6 24. Rad1 Rad8 25. Rd6 Be8 26. Bd4 Qe7 27. Rxd8 Qxd8 28. Qxe4 Qh4 29. Qxe6+ Bf7 30. Qe5 Qh6 31. Re3 Bxa2 32. Qh5 Qf4 33. Qh4 Bd5 34. Qg3 Qh6 35. Re7 Qc1+ 0-1

[Event "London Classic op U1750 9th"]
[Site "London"]
[Date "2017.12.06"]
[Round "3"]
[White "Kirkland, Arnold G"]
[Black "Lohia, Sohum"]
[Result "0-1"]
[WhiteElo "1543"]
[BlackElo "1251"]
[PlyCount "95"]
[EventDate "2017.12.04"]
[EventType "swiss"]
[EventRounds "5"]
[EventCountry "ENG"]
[SourceTitle "CBM 182 Extra"]
[Source "ChessBase"]
[SourceDate "2018.02.23"]
[SourceVersion "1"]
[SourceVersionDate "2018.02.23"]
[SourceQuality "1"]

1. e4 e5 2. Nc3 Nf6 3. g3 d5 4. exd5 Nxd5 5. Bg2 Nxc3 6. bxc3 Bd6 7. Rb1 c6 8. Ne2 0-0 9. 0-0 Nd7 10. c4 Qc7 11. d3 h6 12. Bd2 Nf6 13. Nc3 Be6 14. Qc1 Rfe8 15. Re1 Rad8 16. h3 Qd7 17. Kh2 Bf5 18. Be3 b6 19. Qd1 e4 20. d4 Qc7 21. Ne2 c5 22. d5 Qb7 23. c3 Qa6 24. Qb3 Bd7 25. a3 Rb8 26. Bf4 Bxf4 27. Nxf4 b5 28. Qc2 bxc4 29. Rxb8 Rxb8 30. Bxe4 Nxe4 31. Rxe4 Qxa3 32. Re2 Rb3 33. Qa2 Rxc3 34. Kg2 Rb3 35. Qxa3 Rxa3 36. Re7 Bb5 37. d6 Bc6+ 38. Kf1 g5 39. Nd5 Rd3 40. Nf6+ Kf8 41. Nd7+ Bxd7 42. Rxd7 Ke8 43. Rc7 Rxd6 44. Rxc5 Rd4 45. Ra5 c3 46. Rxa7 c2 47. Ra8+ Rd8 48. Ra1 0-1

[Event "London Classic CSC U120 op 7th"]
[Site "London"]
[Date "2015.12.04"]
[Round "1"]
[White "Metcalfe, Charlie P"]
[Black "Kirkland, Arnold G"]
[Result "1/2-1/2"]
[WhiteElo "1375"]
[BlackElo "118"]
[PlyCount "180"]
[EventDate "2015.12.04"]
[EventType "swiss"]
[EventRounds "5"]
[EventCountry "ENG"]
[SourceTitle "CBM 169 Extra"]
[Source "ChessBase"]
[SourceDate "2015.12.18"]
[SourceVersion "1"]
[SourceVersionDate "2015.12.18"]
[SourceQuality "1"]

1. d4 Nf6 2. c4 g6 3. Nc3 Bg7 4. Nf3 0-0 5. Bf4 d6 6. h3 Nbd7 7. e3 Nh5 8. Bh2 e5 9. Be2 exd4 10. exd4 f5 11. 0-0 Nhf6 12. Re1 Re8 13. Bf4 Nf8 14. Bg5 Ne6 15. Bxf6 Qxf6 16. Nd5 Qd8 17. Qd2 Bd7 18. Nc3 c6 19. d5 Nc5 20. Bf1 Qc7 21. Rac1 Rad8 22. Red1 Re7 23. Ne1 Rde8 24. Nd3 Ne4 25. Nxe4 Rxe4 26. Qc2 cxd5 27. cxd5 Qxc2 28. Rxc2 Ba4 29. b3 Bb5 30. f3 Rd4 31. Nf2 Bxf1 32. Kxf1 Re7 33. Rxd4 Bxd4 34. Nd1 Kf7 35. Nb2 Kf6 36. Nc4 Rd7 37. Re2 b5 38. Re6+ Kg7 39. Rxd6 Rxd6 40. Nxd6 Kf6 41. Nxb5 Bb6 42. Ke2 Ke5 43. Kd3 Kxd5 44. Nc3+ Ke5 45. Ne2 a5 46. a4 Kd5 47. Kc3 Bc5 48. Nf4+ Kc6 49. Kc4 Bd6 50. Nd3 Be7 51. b4 Kb6 52. bxa5+ Kxa5 53. Kb3 g5 54. Ne5 Bf6 55. Nc4+ Ka6 56. a5 h5 57. Ka4 g4 58. fxg4 hxg4 59. hxg4 fxg4 60. Nd6 Bc3 61. Nc4 g3 62. Kb3 Be1 63. Kc2 Kb5 64. Kd3 Bf2 65. Nd2 Kxa5 66. Ne4 Be1 67. Ke2 Bb4 68. Nxg3 Kb5 69. Ne4 Kc4 70. g4 Kd5 71. Kf3 Ke5 72. Nf2 Bc3 73. Ne4 Bb2 74. Ng3 Kf6 75. Kf4 Bc1+ 76. Kf3 Bb2 77. Ne4+ Kg6 78. Kf4 Bc1+ 79. Ke5 Bb2+ 80. Ke6 Bc1 81. Kd7 Bf4 82. Ke6 Bc1 83. Ke5 Bb2+ 84. Kf4 Bc1+ 85. Kg3 Bb2 86. Kh4 Bc1 87. Nc5 Bd2 88. Ne6 Bc1 89. Nf8+ Kg7 90. Ne6+ Kg6 1/2-1/2